MARC details
| 001 - CONTROL NUMBER |
| control field |
23280440 |
| 003 - CONTROL NUMBER IDENTIFIER |
| control field |
0199032 |
| 005 - DATE AND TIME OF LATEST TRANSACTION |
| control field |
20251011160322.0 |
| 008 - FIXED-LENGTH DATA ELEMENTS--GENERAL INFORMATION |
| fixed length control field |
230816s2024 nyu b 001 0 eng |
| 010 ## - LIBRARY OF CONGRESS CONTROL NUMBER |
| LC control number |
2023038342 |
| 020 ## - INTERNATIONAL STANDARD BOOK NUMBER |
| International Standard Book Number |
9781032409931 |
| 020 ## - INTERNATIONAL STANDARD BOOK NUMBER |
| International Standard Book Number |
9781032409931 |
| 020 ## - INTERNATIONAL STANDARD BOOK NUMBER |
| Cancelled/invalid ISBN |
9781003355717 |
| 035 ## - SYSTEM CONTROL NUMBER |
| System control number |
23280440 |
| 040 ## - CATALOGING SOURCE |
| Original cataloging agency |
IEN/DLC |
| Language of cataloging |
eng |
| Description conventions |
rda |
| Transcribing agency |
DLC |
| Modifying agency |
DLC |
| 042 ## - AUTHENTICATION CODE |
| Authentication code |
pcc |
| 043 ## - GEOGRAPHIC AREA CODE |
| Geographic area code |
f------ |
| 050 00 - LIBRARY OF CONGRESS CALL NUMBER |
| Classification number |
JZ5587 |
| Item number |
.G68 2024 |
| 082 00 - DEWEY DECIMAL CLASSIFICATION NUMBER |
| Classification number |
333.7096 |
| Edition number |
23 |
| 245 00 - TITLE STATEMENT |
| Title |
Governing natural resources for sustainable peace in Africa : |
| Remainder of title |
environmental justice and conflict resolution / |
| Statement of responsibility, etc |
edited by Obasesam Okoi and Victoria R Nalule. |
| 263 ## - PROJECTED PUBLICATION DATE |
| Projected publication date |
2401 |
| 264 #1 - PUBLICATION, DISTRIBUTION, ETC. (IMPRINT) |
| Place of publication, distribution, etc |
New York : |
| Name of publisher, distributor, etc |
Routledge, |
| Date of publication, distribution, etc |
2024. |
| 300 ## - PHYSICAL DESCRIPTION |
| Extent |
xx, 222p.: |
| 336 ## - CONTENT TYPE |
| Content type term |
text |
| Content type code |
txt |
| Source |
rdacontent |
| 337 ## - MEDIA TYPE |
| Media type term |
unmediated |
| Media type code |
n |
| Source |
rdamedia |
| 338 ## - CARRIER TYPE |
| Carrier type term |
volume |
| Carrier type code |
nc |
| Source |
rdacarrier |
| 490 0# - SERIES STATEMENT |
| Series statement |
Earthscan Studies in Natural Resource Management |
| 504 ## - BIBLIOGRAPHY, ETC. NOTE |
| Bibliography, etc |
Includes bibliographical references and index. |
| 520 ## - SUMMARY, ETC. |
| Summary, etc |
"This book examines the dynamics of natural resource conflicts in Africa, and explores the different governance approaches for securing sustainable peace. One of the most prominent challenges facing Africa today is the consequences of natural resource extraction. While these resources hold the potential for economic transformation across Africa, their extraction also comes with a range of environmental, social, and economic consequences, including issues related to governance. This book assembles a unique cohort of peacebuilding, environmental justice, and sustainable development scholars and practitioners from Africa and beyond to examine the dynamics of natural resource conflict and explore the governance approaches that offer pathways for sustainable peace in Africa. Drawing on case studies and empirical lessons from the Horn of Africa, Southern Africa, West Africa, East Africa, and the Central Sahel region, along with the African Union, the multidisciplinary contributors offer fresh insights into the nature of natural resource conflict in Africa, delve deeper into the complexities of natural resource governance, and highlight the interplay between resource governance and sustainable peace. By shedding light on Africa's experiences and vulnerabilities but also the challenges of natural resource governance, this book fills a crucial gap in understanding the connection between natural resource governance, conflict, and pathways for sustainable peace in Africa. Drawing on a range of disciplinary perspectives, this book will be of interest to students and scholars of natural resource governance, peace and conflict studies, environmental policy and justice, sustainable development, security studies and African studies more widely"-- |
| Assigning source |
Provided by publisher. |
| 650 #0 - SUBJECT ADDED ENTRY--TOPICAL TERM |
| Topical term or geographic name as entry element |
Natural resources |
| General subdivision |
Government policy |
| Geographic subdivision |
Africa. |
| 650 #0 - SUBJECT ADDED ENTRY--TOPICAL TERM |
| Topical term or geographic name as entry element |
Natural resources |
| Geographic subdivision |
Africa |
| General subdivision |
Management. |
| 650 #0 - SUBJECT ADDED ENTRY--TOPICAL TERM |
| Topical term or geographic name as entry element |
Conflict management |
| Geographic subdivision |
Africa. |
| 650 #0 - SUBJECT ADDED ENTRY--TOPICAL TERM |
| Topical term or geographic name as entry element |
Environmental management |
| Geographic subdivision |
Africa. |
| 650 #0 - SUBJECT ADDED ENTRY--TOPICAL TERM |
| Topical term or geographic name as entry element |
Environmental justice |
| Geographic subdivision |
Africa. |
| 650 #0 - SUBJECT ADDED ENTRY--TOPICAL TERM |
| Topical term or geographic name as entry element |
Mineral industries |
| General subdivision |
Government policy |
| Geographic subdivision |
Africa. |
| 650 #0 - SUBJECT ADDED ENTRY--TOPICAL TERM |
| Topical term or geographic name as entry element |
Mineral industries |
| General subdivision |
Environmental aspects |
| Geographic subdivision |
Africa. |
| 700 1# - ADDED ENTRY--PERSONAL NAME |
| Personal name |
Okoi, Obasesam, |
| Relator term |
editor. |
| 700 1# - ADDED ENTRY--PERSONAL NAME |
| Personal name |
Nalule, Victoria R., |
| Relator term |
editor. |
| 776 08 - ADDITIONAL PHYSICAL FORM ENTRY |
| Relationship information |
Online version: |
| Title |
Governing natural resources for sustainable peace in Africa |
| Place, publisher, and date of publication |
London ; New York : Routledge, Taylor & Francis Group, 2024 |
| International Standard Book Number |
9781003355717 |
| Record control number |
(DLC) 2023038343 |
| 906 ## - LOCAL DATA ELEMENT F, LDF (RLIN) |
| a |
7 |
| b |
cbc |
| c |
orignew |
| d |
1 |
| e |
ecip |
| f |
20 |
| g |
y-gencatlg |
| 942 ## - ADDED ENTRY ELEMENTS (KOHA) |
| Source of classification or shelving scheme |
Library of Congress Classification |
| Koha item type |
Books |